Representaciones discursivas de la condición-pobreza y procesos de desempobrecimiento - empoderamiento: la mediación comunicativa en los movimientos sociales latinoamericanos /

El objetivo del presente texto es, de una parte, realizar un estudio comparativo de las representaciones discursivas presentes en los movimientos sociales latinoamericanos y, de la otra, diagnosticar cómo se inserta la dimensión comunicativa en los procesos de cambio social que estos actores colecti...

Повний опис

Збережено в:
Бібліографічні деталі
Автор: Bacallao Pino, Lázaro M.
Формат: Текст
Предмети:
Теги: Додати тег
Немає тегів, Будьте першим, хто поставить тег для цього запису!

MARC

LEADER 00000 a a2200000 04500
001 44675
003
040
100 |a Bacallao Pino, Lázaro M.  
245 |a Representaciones discursivas de la condición-pobreza y procesos de desempobrecimiento - empoderamiento:   |b la mediación comunicativa en los movimientos sociales latinoamericanos /  |c Lázaro M. Bacallao Pino  
520 |a El objetivo del presente texto es, de una parte, realizar un estudio comparativo de las representaciones discursivas presentes en los movimientos sociales latinoamericanos y, de la otra, diagnosticar cómo se inserta la dimensión comunicativa en los procesos de cambio social que estos actores colectivos promueven, es decir, en sus experiencias de desempobrecimiento.  
590 |a RRH/ENERO2014  
650 |a 1.POBREZA  
650 |a 2.COMUNICACION  
650 |a 3.CAMBIO SOCIAL  
650 |a 4.ESTADO  
650 |a 5.PARTICIPACION SOCIAL  
650 |a 6.MOVIMIENTOS SOCIALES  
773 |g páginas 359-385  
999 |c 29546  |d 29546